Improved economic outlook boost NR market (Record no. 60833)

MARC details
000 -LEADER
fixed length control field 00413nam a2200169Ia 4500
100 ## - MAIN ENTRY--AUTHOR NAME
Personal name Saj Mathews
245 #0 - TITLE STATEMENT
Title Improved economic outlook boost NR market
260 ## - PUBLICATION, DISTRIBUTION, ETC. (IMPRINT)
Name of publisher Rubber Asia
Year of publication 2017
300 ## - PHYSICAL DESCRIPTION
Number of Pages 74-76
500 ## - GENERAL NOTE
General note Source Year: 2017
650 ## - SUBJECT ADDED ENTRY--TOPICAL TERM
Topical Term NR exports
650 ## - SUBJECT ADDED ENTRY--TOPICAL TERM
Topical Term NR imports
650 ## - SUBJECT ADDED ENTRY--TOPICAL TERM
Topical Term NR market
650 ## - SUBJECT ADDED ENTRY--TOPICAL TERM
Topical Term NR production
942 ## - ADDED ENTRY ELEMENTS (KOHA)
Koha item type Journals
Holdings
Withdrawn status Lost status Damaged status Not for loan Home library Current library Shelving location Date acquired Serial Enumeration / chronology Koha item type
      Journals RRII Library RRII Library Rubber general 17/12/2021 Volume 32, Issue 3 Journals